000 00960nam a2200265 a 4500
003 CBULib
005 20240806104423.0
008 180907s2017 ||||||||||||||||| || u
040 _aCBULib
_bEnglish
_cCBULib
_erda
041 _aeng
050 _aUNCTAD(058)TDRO/2017
110 _aUnited Nations Conference on Trade and Development (UNCTAD)
245 0 0 _aTrade and development report 2017 : beyond austerity: towards a global deal : overview
_c/ by United Nations Conference on Trade And Development (UNCTAD)
260 _aNew York :
_bUnited Nations,
_c2017.
300 _a29 pages
336 _2rdacontent
_aText |
_btxt
337 _2rdamedia
_aUnmediated |
_bn
338 _2rdacarrier
_aVolume
_bnc
650 _aINTERNATIONAL TRADE--PERIODICALS
650 0 _aGLOBALIZATION--ECONOMIC ASPECTS
650 _aECONOMIC REFORMS
650 _aSUSTAINABLE DEVELOPMENT--GOVERNMENT POLICY
650 _aECONOMIC POLICY--PERIODICALS
942 _2mc
_c029
999 _c81379
_d81379